| 000 | 00966nam a22002537a 4500 | ||
|---|---|---|---|
| 005 | 20240530110525.0 | ||
| 008 | 160301s2012 ua g b 000 0 ara d | ||
| 017 |
_a2012/15863 _bمصر . دار الكتب المصرية |
||
| 020 | _a9789775199012 | ||
| 040 | _aEG-CaGPL | ||
| 082 | 0 | 4 |
_221 _a961.209\ _bس ث |
| 100 | 0 | _aسيد امام | |
| 245 | 1 | 2 |
_aالثورة الليبية / _cسيد امام |
| 250 | _aط1 | ||
| 260 |
_aالقاهرة : _bدار اقلام للنشر و التوزيع ، _c2012 . |
||
| 300 |
_a80 ص ؛ _c24 سم . |
||
| 490 | _aسلسلة ثورات مصرية عربية | ||
| 504 | _aيشتمل على ارجاعات ببليوجرافية | ||
| 650 | 0 | 4 | _aالثورة الليبية |
| 651 | 0 | 4 |
_aليبيا _xتاريخ _yالعصر الحديث _xمعمر القذافى |
| 651 | 0 | 4 |
_aليبيا _xتاريخ _yالعصر الحديث _xالثورة |
| 942 |
_2ddc _cBK |
||
| 999 |
_c61972 _d61972 |
||